Top 50 Baby Girl Names Beginning with X - Statistics

General Stats
  • This quiz has been taken 115 times
  • The average score is 14 of 50
Answer Stats
Hint Answer % Correct
3 Xena
82%
19 Xara
67%
13 Xia
63%
16 Xya
63%
50 Xavier
56%
32 Xela
52%
4 Xyla
51%
14 Xylah
51%
1 Ximena
50%
24 Ximenna
50%
9 Xenia
44%
23 Xoe
41%
18 Xoey
41%
30 Xari
40%
48 Xander
38%
10 Xaria
35%
33 Xariah
35%
31 Xariyah
35%
41 Xaniya
33%
29 Xaniyah
33%
36 Xiana
33%
26 Xianna
33%
17 Xavia
27%
15 Xiamara
27%
2 Xiomara
27%
49 Xanthe
24%
20 Xayah
24%
42 Xaviera
23%
12 Xuri
22%
5 Xochitl
18%
34 Xiara
16%
47 Xylee
16%
40 Xylie
16%
43 Xaylee
15%
46 Xiya
15%
35 Xaela
12%
21 Xayla
12%
22 Xylia
9%
8 Xareni
6%
45 Xendaya
6%
38 Xinyl
6%
28 Xamira
5%
37 Ximora
4%
7 Xolani
4%
27 Xitalli
2%
6 Xitlali
2%
11 Xitlaly
2%
44 Xcaret
1%
25 Xenovia
1%
39 Xyliana
1%
No matching quizzes found
Score Distribution
Percent of People with Each Score
Percentile by Number Answered
Your Score History
You have not taken this quiz